000 00548nam a2200181Ia 4500
999 _c21374
_d21374
003 OSt
005 20201014095310.0
008 190216s9999||||xx |||||||||||||| ||und||
020 _a9781588266729
040 _coclc
082 _a303.66
_bPAF/C
100 _aPaffenholz, Thania
_95680
245 0 _aCivil Society & Peacebuilding A Critical Assessment /
_cThania Paffenholz
260 _bLynnerienner Publishers,
_c2010.
_aLondon:
300 _a510p
650 _aHistory
942 _cBK
_2ddc
_h303.66
_iPAF/C
_k303.66
_mPAF/C